NCAA CFP Teams 2026 - Statistics

General Stats
  • This quiz has been taken 94 times
  • The average score is 11 of 12
Answer Stats
Rank Answer % Correct
9. Alabama
99%
1. Indiana
98%
10. Miami
98%
2. Ohio State
98%
5. Oregon
98%
3. Georgia
96%
6. Ole Miss
94%
7. Texas A&M
91%
12. James Madison
90%
4. Texas Tech
90%
11. Tulane
89%
8. Oklahoma
86%
No matching quizzes found
Score Distribution
Percent of People with Each Score
Percentile by Number Answered
Your Score History
You have not taken this quiz